000 00340nam a2200169Ia 4500
100 _aRoach/ Peter
650 _aEnglish
250 _a3
942 _cBK
654 _aenglish
245 _aEnglish Phonetics and Phonology
260 _bCambridge
_c2000
082 _a414
_bROA
300 _a283
546 _aENGLISH
999 _c34007
_d34007